000 01057cam a22003017a 4500
003 CHAP
005 20220817041742.0
008 971013s1985 r 00010 d
010 _a23366
011 _a24338
035 _a28437
040 _cCHAP
100 0 0 _aChávez Morales, Jesús.
_922736
245 1 3 _aAn optimization and simulation methodology for irrigation planning
260 _aDavis, California :
_bEl autor,
_c1985
300 _a234 h.
_b: ilus
500 _aTheses (Doctor of Phylosophy in Engineering) -- University of California Davis. College of Engineering. Graduate division
590 _aBATCH-UPD
_b10
_c20130110
_lUCH01
_h1246
590 _aBATCH-UPD
_b10
_c20130410
_lUCH01
_h0810
590 _aBATCH-UPD
_b10
_c20130914
_lUCH01
_h0929
590 _aCONVERSION
_b10
_c20130109
_lUCH01
_h1314
650 1 4 _aDistrito de Riego Río Mayo, Son.
650 1 4 _aIrrigación
_xModelos matemáticos.
_960431
650 1 4 _aIrrigación
_xProyectos.
_960443
901 _aBK
942 _cTESIS
949 _bBC
_cTES
_d-65617
_eTS1
_h18720
_i28437
_si
999 _c23366
_d23366